000 00517nam a22001817a 4500
999 _c101413
_d101413
005 20230510143509.0
010 _aENG-115483
020 _a9789350570623
_c120.00
035 _aEN-99015
037 _bDBAD/PUB
082 _a158.1
100 _aBudhiraja,G.D.
245 _a7 keys to happiness /
_cby G.D. Budhiraja
260 _aNew Delhi
_bV & S Publishers
_c2013
270 _aF-2/16,Ansari Road,Daryaganj
_bNew Delhi
_e110002
300 _a117p.
_c21cm(pbk)
942 _2ddc
_cEN
_h158.1
_mBUD